[Event "FAI-chT 2122"]
[Site "Faroe Islands"]
[Date "2021.10.03"]
[Round "1.4"]
[White "Samuelsen, Carl Eli Nolsoe"]
[Black "Hansen, Herluf"]
[Result "1/2-1/2"]
[WhiteElo "2181"]
[BlackElo "1985"]
[PlyCount "35"]
[EventDate "2021.10.03"]
[EventType "team-tourn"]
[EventRounds "10"]
[EventCountry "FAI"]
[SourceTitle "EXT 2023"]
[Source "ChessBase"]
[SourceDate "2022.10.05"]
[SourceVersion "1"]
[SourceVersionDate "2022.10.05"]
[SourceQuality "1"]
[WhiteTeam "Havnin"]
[BlackTeam "Havnin II"]
[WhiteTeamCountry "FAI"]
[BlackTeamCountry "FAI"]

1. e4 d6 2. d4 Nf6 3. Nc3 g6 4. Be3 Bg7 5. Qd2 Nbd7 6. Nf3 e5 7. h3 exd4 8. Bxd4 0-0 9. Bd3 c6 10. 0-0 Qe7 11. Rad1 Ne5 12. Be2 Be6 13. Rfe1 Rfd8 14. Qe3 Nxf3+ 15. Qxf3 d5 16. exd5 Bxd5 17. Nxd5 Nxd5 18. Bxg7 1/2-1/2

[Event "FAI-chT 2021"]
[Site "Faroe Islands"]
[Date "2020.10.18"]
[Round "3.1"]
[White "Simonsen, Hans Kristian"]
[Black "Samuelsen, Carl Eli Nolsoe"]
[Result "0-1"]
[WhiteElo "2147"]
[BlackElo "2176"]
[PlyCount "72"]
[EventDate "2020.10.04"]
[EventType "team-tourn"]
[EventRounds "10"]
[EventCountry "FAI"]
[SourceTitle "EXT 2022"]
[Source "ChessBase"]
[SourceDate "2021.10.06"]
[SourceVersion "1"]
[SourceVersionDate "2021.10.06"]
[SourceQuality "1"]
[WhiteTeam "Kollafjordur"]
[BlackTeam "Havnin"]
[WhiteTeamCountry "FAI"]
[BlackTeamCountry "FAI"]

1. Nf3 Nf6 2. g3 c5 3. Bg2 Nc6 4. 0-0 e5 5. e4 d6 6. c3 Bg4 7. h3 Bxf3 8. Qxf3 g6 9. d3 Bg7 10. Na3 0-0 11. Nc4 b5 12. Ne3 Qd7 13. a4 a6 14. Qd1 Rab8 15. axb5 axb5 16. f4 exf4 17. gxf4 b4 18. Ra6 Ne7 19. c4 Nh5 20. f5 Bd4 21. Qg4 Rbd8 22. Kh1 Be5 23. Re1 Qb7 24. Ra1 Ra8 25. Rxa8 Rxa8 26. Qf3 Nc6 27. Ng4 Nd4 28. Qd1 Ra1 29. Nxe5 dxe5 30. Qg4 Nb3 31. Bd2 Qa7 32. fxg6 hxg6 33. Qg5 Rxe1+ 34. Bxe1 Qa1 35. Qe3 Qxb2 36. Bf3 Qc1 0-1

[Event "FAI-ch"]
[Site "Torshavn"]
[Date "2019.04.17"]
[Round "5"]
[White "Dragicevic, Drazen"]
[Black "Samuelsen, Carl Eli Nolsoe"]
[Result "1-0"]
[WhiteElo "2334"]
[BlackElo "2196"]
[PlyCount "147"]
[EventDate "2019.04.13"]
[EventType "tourn"]
[EventRounds "7"]
[EventCountry "FAI"]
[EventCategory "3"]
[SourceTitle "CBM 189 Extra"]
[Source "ChessBase"]
[SourceDate "2019.06.03"]
[SourceVersion "1"]
[SourceVersionDate "2019.06.03"]
[SourceQuality "1"]

1. c4 Nf6 2. Nc3 c5 3. e4 d6 4. g3 g6 5. Bg2 Bg7 6. Nge2 Nc6 7. 0-0 0-0 8. d3 Rb8 9. Rb1 a6 10. a4 Ne8 11. Be3 Nc7 12. d4 cxd4 13. Nxd4 Ne5 14. b3 Ng4 15. Bc1 Ne6 16. Nde2 Bd7 17. h3 Ne5 18. f4 Nc6 19. Be3 Nb4 20. Qd2 b5 21. axb5 axb5 22. Nxb5 Bxb5 23. Qxb4 Bc6 24. Qd2 Nc5 25. Qc2 Qa5 26. Nd4 Ba8 27. Kh2 Bxd4 28. Bxd4 Qa3 29. Bxc5 dxc5 30. Rfd1 Bc6 31. h4 Rb4 32. e5 Bxg2 33. Kxg2 Rfb8 34. Rd3 e6 35. h5 Kg7 36. Kh3 Qa8 37. Rd7 Qf3 38. Qd1 Qe3 39. h6+ Kxh6 40. Rxf7 R8b7 41. Rxb7 Rxb7 42. Qg4 Rxb3 43. Qg5+ Kg7 44. Qf6+ Kh6 45. Rxb3 Qxb3 46. Kh4 Qb7 47. Qg5+ Kg7 48. Qf6+ Kh6 49. Qf8+ Qg7 50. Qxc5 g5+ 51. Kh3 g4+ 52. Kh2 Kg6 53. Qd6 Qf7 54. Qd3+ Kg7 55. Qd8 h6 56. c5 Qf5 57. Qd7+ Kf8 58. Qd6+ Kf7 59. Qd7+ Kf8 60. Qd8+ Kf7 61. Qd1 Qe4 62. Qxg4 Qc2+ 63. Kh3 Qxc5 64. Qh5+ Kg7 65. Qd1 Qc6 66. Qd6 Qf3 67. Kh4 Qh1+ 68. Kg4 h5+ 69. Kg5 Qh3 70. Qe7+ Kg8 71. Qe8+ Kg7 72. Qg6+ Kf8 73. Kf6 Qh4+ 74. Qg5 1-0

[Event "FAI-ch"]
[Site "Torshavn"]
[Date "2019.04.13"]
[Round "1"]
[White "Samuelsen, Carl Eli Nolsoe"]
[Black "Ziska, Helgi Dam"]
[Result "1/2-1/2"]
[WhiteElo "2196"]
[BlackElo "2540"]
[PlyCount "49"]
[EventDate "2019.04.13"]
[EventType "tourn"]
[EventRounds "7"]
[EventCountry "FAI"]
[EventCategory "3"]
[SourceTitle "CBM 189 Extra"]
[Source "ChessBase"]
[SourceDate "2019.06.03"]
[SourceVersion "1"]
[SourceVersionDate "2019.06.03"]
[SourceQuality "1"]

1. d4 Nf6 2. c4 g6 3. Nc3 Bg7 4. e4 d6 5. Be2 0-0 6. Be3 e5 7. d5 a5 8. g4 Na6 9. g5 Nd7 10. h4 Ndc5 11. h5 c6 12. hxg6 fxg6 13. f3 Rf7 14. Nh3 Bf8 15. Nf2 Bd7 16. Qd2 a4 17. Kf1 Qa5 18. Kg2 Nc7 19. Rh4 Be7 20. Rh6 Raf8 21. Rah1 Ne8 22. Qe1 Qd8 23. Qd2 Nc7 24. R1h4 Ne8 25. Qc1 1/2-1/2

[Event "Olympiad-43"]
[Site "Batumi"]
[Date "2018.10.01"]
[Round "7.57"]
[White "Samuelsen, Carl Eli Nolsoe"]
[Black "Notha, Moakofi"]
[Result "0-1"]
[WhiteElo "2237"]
[BlackElo "2071"]
[PlyCount "120"]
[EventDate "2018.09.24"]
[EventType "team-swiss"]
[EventRounds "11"]
[EventCountry "GEO"]
[SourceTitle "CBM 187"]
[Source "ChessBase"]
[SourceDate "2018.12.11"]
[SourceVersion "1"]
[SourceVersionDate "2018.12.11"]
[SourceQuality "1"]
[WhiteTeam "Faroe Islands"]
[BlackTeam "Botswana"]
[WhiteTeamCountry "FAI"]
[BlackTeamCountry "BOT"]

1. e4 e5 2. Nf3 Nc6 3. d4 exd4 4. Nxd4 Bc5 5. Be3 Qf6 6. c3 Nge7 7. Bc4 0-0 8. 0-0 Ne5 9. Be2 Qg6 10. Nd2 d6 11. Bh5 Qf6 12. f4 N5c6 13. Nc4 Bxd4 14. cxd4 d5 15. e5 Qh4 16. Bf2 Qxf4 17. Be3 Qh4 18. Rf4 Qg5 19. Rf6 Qh4 20. Rf4 Qg5 21. Rxf7 Qh4 22. Rxf8+ Kxf8 23. Bf2 Qf4 24. g3 Qg5 25. Be3 Qf5 26. Qe2 Kg8 27. Rf1 Qe4 28. Nd2 Qc2 29. Bf7+ Kh8 30. e6 b6 31. g4 a5 32. Qf2 Ba6 33. Re1 Qxb2 34. Qf4 Bd3 35. Nf3 Be4 36. Rf1 Qxa2 37. Nd2 Bd3 38. Rf2 Qc2 39. Bh5 Bg6 40. Qxc7 Bxh5 41. gxh5 Qd1+ 42. Nf1 Qxh5 43. Qxb6 Qg4+ 44. Rg2 Qxe6 45. Bg5 Nf5 46. Bf4 Ncxd4 47. Qb7 Qc6 48. Qf7 Qe6 49. Qb7 Rg8 50. Qb2 Qe4 51. Bc7 Nf3+ 52. Kf2 Rf8 53. Qa3 Qe1+ 54. Kxf3 Qxf1+ 55. Rf2 Nd6+ 56. Kg4 Qxf2 57. Bxd6 Qf5+ 58. Kh4 Rc8 59. Kg3 h5 60. h3 d4 0-1

[Event "Olympiad-43"]
[Site "Batumi"]
[Date "2018.09.30"]
[Round "6.44"]
[White "El Debs, Felipe de Cresce"]
[Black "Samuelsen, Carl Eli Nolsoe"]
[Result "1-0"]
[WhiteElo "2542"]
[BlackElo "2237"]
[PlyCount "97"]
[EventDate "2018.09.24"]
[EventType "team-swiss"]
[EventRounds "11"]
[EventCountry "GEO"]
[SourceTitle "CBM 187"]
[Source "ChessBase"]
[SourceDate "2018.12.11"]
[SourceVersion "1"]
[SourceVersionDate "2018.12.11"]
[SourceQuality "1"]
[WhiteTeam "Brazil"]
[BlackTeam "Faroe Islands"]
[WhiteTeamCountry "BRA"]
[BlackTeamCountry "FAI"]

1. e4 c5 2. Nf3 Nc6 3. Bb5 g6 4. Bxc6 dxc6 5. d3 Bg7 6. h3 e5 7. Be3 Qe7 8. Nbd2 Nf6 9. a3 0-0 10. 0-0 Nd7 11. b4 f5 12. Nc4 f4 13. Bxc5 Nxc5 14. bxc5 Qxc5 15. Qd2 b5 16. Na5 Be6 17. Qb4 Qb6 18. a4 Rfe8 19. Rfb1 Bf8 20. Qd2 b4 21. Nb3 a5 22. c3 Bxb3 23. Rxb3 Rad8 24. Ng5 Kg7 25. Qa2 Rd7 26. cxb4 Bxb4 27. Rc1 Kf6 28. Nf3 Qa6 29. Rc4 c5 30. Qc2 Rd6 31. g3 g5 32. Kg2 Red8 33. Rxc5 Bxc5 34. Qxc5 Re6 35. Qc7 Qc8 36. Qxh7 Rh8 37. Qf5+ Kg7 38. Nxe5 f3+ 39. Nxf3 Rf8 40. Qxg5+ Rg6 41. Qe5+ Kh6 42. Rb5 Rfg8 43. Qh5+ Kg7 44. Nh4 Rf6 45. Rf5 Rxf5 46. Nxf5+ Kf6 47. Qh6+ Rg6 48. Qxg6+ Ke5 49. Qd6# 1-0

[Event "FAI-ch"]
[Site "Torshavn"]
[Date "2018.03.29"]
[Round "6"]
[White "Samuelsen, Carl Eli Nolsoe"]
[Black "Simonsen, Olavur"]
[Result "1/2-1/2"]
[WhiteElo "2228"]
[BlackElo "2183"]
[PlyCount "33"]
[EventDate "2018.03.24"]
[EventType "tourn"]
[EventRounds "7"]
[EventCountry "FAI"]
[SourceTitle "CBM 183 Extra"]
[Source "ChessBase"]
[SourceDate "2018.04.19"]
[SourceVersion "1"]
[SourceVersionDate "2018.04.19"]
[SourceQuality "1"]

1. d4 f5 2. c4 Nf6 3. g3 e6 4. Bg2 Be7 5. Nc3 d6 6. Nf3 0-0 7. 0-0 Ne4 8. Nd2 Nxc3 9. bxc3 e5 10. c5 Nc6 11. cxd6 cxd6 12. Nc4 e4 13. Ba3 d5 14. Bxe7 Qxe7 15. Ne3 Be6 16. Qb3 Qf7 17. f3 1/2-1/2

[Event "FAI-ch"]
[Site "Torshavn"]
[Date "2018.03.26"]
[Round "3"]
[White "Samuelsen, Carl Eli Nolsoe"]
[Black "Nolsoe, Rani"]
[Result "1/2-1/2"]
[WhiteElo "2228"]
[BlackElo "2075"]
[PlyCount "53"]
[EventDate "2018.03.24"]
[EventType "tourn"]
[EventRounds "7"]
[EventCountry "FAI"]
[SourceTitle "CBM 183 Extra"]
[Source "ChessBase"]
[SourceDate "2018.04.19"]
[SourceVersion "1"]
[SourceVersionDate "2018.04.19"]
[SourceQuality "1"]

1. e4 d6 2. d4 Nf6 3. Nc3 e5 4. Nf3 Nbd7 5. Bc4 Be7 6. 0-0 0-0 7. Re1 c6 8. a4 a5 9. Bg5 Qc7 10. Qd2 Re8 11. Rad1 Bf8 12. Bh4 h6 13. Ba2 Nh5 14. Bg3 Nxg3 15. hxg3 exd4 16. Nxd4 Nc5 17. Bc4 Ne6 18. Nf5 Rd8 19. Ne2 Kh7 20. Ned4 g6 21. Nxe6 Bxe6 22. Bxe6 fxe6 23. Nd4 Re8 24. Re3 Bg7 25. Rf3 d5 26. exd5 exd5 27. Re3 1/2-1/2

[Event "FAI-chT 1718"]
[Site "Faroe Islands"]
[Date "2017.10.22"]
[Round "1.3"]
[White "Samuelsen, Carl Eli Nolsoe"]
[Black "Merkistein, Suni"]
[Result "1-0"]
[WhiteElo "2212"]
[BlackElo "1890"]
[PlyCount "125"]
[EventDate "2017.10.22"]
[EventType "team-tourn"]
[EventRounds "10"]
[EventCountry "FAI"]
[SourceTitle "EXT 2019"]
[Source "ChessBase"]
[SourceDate "2018.10.10"]
[SourceVersion "1"]
[SourceVersionDate "2018.10.10"]
[SourceQuality "1"]
[WhiteTeam "Havnin"]
[BlackTeam "Havnin II"]
[WhiteTeamCountry "FAI"]
[BlackTeamCountry "FAI"]

1. e4 d6 2. d4 Nf6 3. Nc3 g6 4. Nf3 Bg7 5. h3 0-0 6. Be3 c5 7. Qd2 cxd4 8. Nxd4 Nc6 9. Rd1 Bd7 10. Be2 Nxd4 11. Bxd4 Bc6 12. Bf3 Qa5 13. 0-0 Rfe8 14. Rfe1 Nd7 15. Nd5 Qxd2 16. Rxd2 Bxd4 17. Rxd4 Rac8 18. c3 Kg7 19. Bg4 h5 20. Bxd7 Bxd7 21. e5 dxe5 22. Rxe5 Be6 23. Nf4 Bxa2 24. Rd7 Kf6 25. Ra5 Bc4 26. Rxb7 e5 27. Nd5+ Bxd5 28. Rxd5 Rb8 29. Rd6+ Kg7 30. Rdd7 Rxb7 31. Rxb7 Ra8 32. Rb5 Kf6 33. Ra5 Rb8 34. Ra6+ Kg7 35. b4 Rc8 36. Ra3 Rc7 37. Kf1 Kf6 38. Ke2 Rd7 39. Ra6+ Ke7 40. Ke3 f6 41. c4 Kf7 42. b5 Ke7 43. g3 Kf7 44. Rc6 Ke7 45. f4 exf4+ 46. gxf4 h4 47. Ra6 Kf7 48. Ke4 Kg7 49. c5 Re7+ 50. Kd4 g5 51. fxg5 fxg5 52. c6 Rf7 53. Ke5 Kf8 54. Ke6 Kg7 55. Ra4 Kg6 56. Rd4 Rf6+ 57. Kd7 Rf7+ 58. Kc8 Rf5 59. Rb4 Rf4 60. Rb3 g4 61. hxg4 Rxg4 62. c7 Rg3 63. Rxg3+ 1-0

[Event "FAI-chT 1617"]
[Site "Faroe Islands"]
[Date "2017.01.15"]
[Round "4.3"]
[White "Samuelsen, Carl Eli Nolsoe"]
[Black "Petersen, Terji"]
[Result "1/2-1/2"]
[WhiteElo "2211"]
[BlackElo "1992"]
[PlyCount "132"]
[EventDate "2016.10.23"]
[EventType "team-tourn"]
[EventRounds "10"]
[EventCountry "FAI"]
[SourceTitle "EXT 2020"]
[Source "ChessBase"]
[SourceDate "2019.10.17"]
[SourceVersion "1"]
[SourceVersionDate "2019.10.17"]
[SourceQuality "1"]
[WhiteTeam "Havnin"]
[BlackTeam "Klaksvik II"]
[WhiteTeamCountry "FAI"]
[BlackTeamCountry "FAI"]

1. d4 Nf6 2. c4 e6 3. Nc3 d5 4. Bg5 c6 5. e3 Be7 6. Nf3 Nbd7 7. cxd5 cxd5 8. Bd3 a6 9. 0-0 b6 10. Rc1 Bb7 11. Qe2 0-0 12. Bf4 Nh5 13. Ne5 Nxf4 14. exf4 Bd6 15. Rfe1 f6 16. Nxd7 Qxd7 17. Qxe6+ Qxe6 18. Rxe6 Rad8 19. g3 b5 20. a3 Bc8 21. Ree1 Bb8 22. Bf1 Ba7 23. Rcd1 Kf7 24. Bg2 Bb7 25. f5 Rd6 26. Ne2 Rc8 27. Rc1 Rxc1 28. Rxc1 Ke7 29. Kf1 Rc6 30. Rxc6 Bxc6 31. Ke1 Kd6 32. Kd2 Bd7 33. g4 Be8 34. Ke3 Kc6 35. Nf4 Bf7 36. Ne6 Bb6 37. Nxg7 Kd7 38. h4 Bd8 39. f4 h6 40. g5 fxg5 41. fxg5 hxg5 42. h5 Bf6 43. h6 Ke7 44. Kf3 Bxd4 45. Kg4 Bxg7 46. hxg7 Kf6 47. b4 d4 48. Bb7 d3 49. Kf3 g4+ 50. Kxg4 d2 51. Bf3 Bb3 52. g8Q Bxg8 53. Bd1 Ke5 54. a4 Kd4 55. axb5 axb5 56. Kf4 Kd3 57. f6 Bc4 58. Kf3 Be6 59. Kf2 Bd5 60. Bg4 Kc2 61. Ke3 Be6 62. Bf3 d1Q 63. Bxd1+ Kxd1 64. Kd4 Kc2 65. Kc5 Bc4 66. f7 Bxf7 1/2-1/2

[Event "FAI-ch"]
[Site "Sandavagur"]
[Date "2016.03.24"]
[Round "7"]
[White "Samuelsen, Carl Eli Nolsoe"]
[Black "Nielsen, Hogni Egilstoft"]
[Result "1/2-1/2"]
[WhiteElo "2214"]
[BlackElo "2316"]
[PlyCount "41"]
[EventDate "2016.03.19"]
[EventType "tourn"]
[EventRounds "9"]
[EventCountry "FAI"]
[SourceTitle "CBM 171 Extra"]
[Source "ChessBase"]
[SourceDate "2016.04.26"]
[SourceVersion "1"]
[SourceVersionDate "2016.04.26"]
[SourceQuality "1"]

1. d4 Nf6 2. c4 e6 3. Nc3 Bb4 4. e3 c5 5. Nge2 b6 6. a3 Ba5 7. Bd2 0-0 8. Nf4 Bb7 9. Be2 Bxc3 10. Bxc3 Ne4 11. Rc1 d6 12. Bf3 Nxc3 13. Rxc3 Bxf3 14. Qxf3 Nd7 15. 0-0 Nf6 16. dxc5 bxc5 17. Rd1 Rb8 18. Qe2 Qb6 19. Nd3 a5 20. e4 Qc6 21. e5 1/2-1/2

[Event "FAI-ch"]
[Site "Sandavagur"]
[Date "2016.03.22"]
[Round "4"]
[White "Simonsen, Hans Kristian"]
[Black "Samuelsen, Carl Eli Nolsoe"]
[Result "0-1"]
[WhiteElo "2133"]
[BlackElo "2214"]
[PlyCount "84"]
[EventDate "2016.03.19"]
[EventType "tourn"]
[EventRounds "9"]
[EventCountry "FAI"]
[SourceTitle "CBM 171 Extra"]
[Source "ChessBase"]
[SourceDate "2016.04.26"]
[SourceVersion "1"]
[SourceVersionDate "2016.04.26"]
[SourceQuality "1"]

1. Nf3 d5 2. g3 Nf6 3. Bg2 c6 4. 0-0 g6 5. d3 Bg7 6. Nbd2 0-0 7. e4 dxe4 8. dxe4 Qc7 9. Qe2 Bg4 10. h3 Bxf3 11. Nxf3 e5 12. Ne1 Nfd7 13. Nd3 c5 14. Be3 b6 15. c3 Nc6 16. a3 Rfe8 17. b4 c4 18. Ne1 b5 19. a4 a6 20. Nc2 Nb6 21. axb5 axb5 22. Na3 Na7 23. Qc2 Qc6 24. Bxb6 Qxb6 25. h4 Nc6 26. Qb2 Rad8 27. Rfd1 Ne7 28. Nc2 f5 29. Ne1 Rd6 30. Qe2 Red8 31. Nc2 Rd3 32. exf5 Nxf5 33. Ne1 Nxg3 34. Qc2 Rxd1 35. Rxd1 Nf5 36. h5 Rxd1 37. Qxd1 Qd6 38. Bd5+ Kf8 39. Qf3 Bh6 40. Be4 Qd2 41. Nc2 Bf4 42. hxg6 Qc1+ 0-1

[Event "FAI-ch"]
[Site "Sandavagur"]
[Date "2016.03.19"]
[Round "1"]
[White "Poulsen, Martin"]
[Black "Samuelsen, Carl Eli Nolsoe"]
[Result "0-1"]
[WhiteElo "2234"]
[BlackElo "2214"]
[PlyCount "63"]
[EventDate "2016.03.19"]
[EventType "tourn"]
[EventRounds "9"]
[EventCountry "FAI"]
[SourceTitle "CBM 171 Extra"]
[Source "ChessBase"]
[SourceDate "2016.04.26"]
[SourceVersion "1"]
[SourceVersionDate "2016.04.26"]
[SourceQuality "1"]

1. Nf3 d5 2. c4 e6 3. e3 Nf6 4. d4 a6 5. b3 c6 6. Bd3 b5 7. 0-0 Nbd7 8. Nbd2 Bb7 9. Qe2 Be7 10. Bb2 0-0 11. Ne5 Re8 12. f4 bxc4 13. bxc4 c5 14. Ndf3 h6 15. g4 Ne4 16. Nxd7 Qxd7 17. Ne5 Qc7 18. g5 dxc4 19. Bxc4 Nd6 20. g6 Bf6 21. dxc5 Qxc5 22. gxf7+ Nxf7 23. Nd7 Qe7 24. Nxf6+ gxf6 25. Qg4+ Kh8 26. Bd3 Rg8 27. Bg6 Be4 28. f5 Bxf5 29. Qf3 Rxg6+ 30. Kh1 Rb8 31. Bd4 Ng5 32. Qxf5 0-1

[Event "FAI-chT 1516"]
[Site "Faroe Islands"]
[Date "2016.01.10"]
[Round "5.2"]
[White "Thorsteinsson, Sjurdur"]
[Black "Samuelsen, Carl Eli Nolsoe"]
[Result "1/2-1/2"]
[WhiteElo "2182"]
[BlackElo "2200"]
[PlyCount "20"]
[EventDate "2015.10.25"]
[EventType "team-tourn"]
[EventRounds "10"]
[EventCountry "FAI"]
[SourceTitle "EXT 2017"]
[Source "ChessBase"]
[SourceDate "2016.10.25"]
[SourceVersion "1"]
[SourceVersionDate "2016.10.25"]
[SourceQuality "1"]
[WhiteTeam "Havnin"]
[BlackTeam "Sandavagur"]
[WhiteTeamCountry "FAI"]
[BlackTeamCountry "FAI"]

1. e4 c5 2. Nc3 Nc6 3. g3 g6 4. Bg2 Bg7 5. d3 d6 6. Be3 Nf6 7. h3 e5 8. Qd2 Nd4 9. g4 Be6 10. Nge2 h5 1/2-1/2

[Event "FAI-chT 1516"]
[Site "Faroe Islands"]
[Date "2015.10.25"]
[Round "1.3"]
[White "Samuelsen, Carl Eli Nolsoe"]
[Black "Thomsen, Jonfinn"]
[Result "1-0"]
[WhiteElo "2200"]
[BlackElo "1901"]
[PlyCount "53"]
[EventDate "2015.10.25"]
[EventType "team-tourn"]
[EventRounds "10"]
[EventCountry "FAI"]
[SourceTitle "EXT 2017"]
[Source "ChessBase"]
[SourceDate "2016.10.25"]
[SourceVersion "1"]
[SourceVersionDate "2016.10.25"]
[SourceQuality "1"]
[WhiteTeam "Sandavagur"]
[BlackTeam "Sandavagur II"]
[WhiteTeamCountry "FAI"]
[BlackTeamCountry "FAI"]

1. c4 Nf6 2. d4 e6 3. Nc3 Bb4 4. Bg5 Bxc3+ 5. bxc3 d5 6. Nf3 0-0 7. e3 c6 8. Bd3 Qa5 9. Qc2 dxc4 10. Bxc4 Nd5 11. Rc1 b5 12. Bd3 h6 13. e4 hxg5 14. exd5 g4 15. Ng5 exd5 16. Bh7+ Kh8 17. Bf5 Qd8 18. h4 g6 19. Bxc8 Qxc8 20. h5 Kg7 21. hxg6 fxg6 22. Rh7+ Kf6 23. Qd2 Qf5 24. Qe3 Qxg5 25. Qe7+ Kf5 26. Qxf8+ Ke4 27. Re7+ 1-0

[Event "FAI-chT 1415"]
[Site "Faroe Islands"]
[Date "2015.01.24"]
[Round "7.3"]
[White "Thomsen, Bernhard"]
[Black "Samuelsen, Carl Eli Nolsoe"]
[Result "0-1"]
[WhiteElo "2030"]
[BlackElo "2187"]
[PlyCount "80"]
[EventDate "2014.10.26"]
[EventType "team-tourn"]
[EventRounds "10"]
[EventCountry "FAI"]
[SourceTitle "EXT 2019"]
[Source "ChessBase"]
[SourceDate "2018.10.10"]
[SourceVersion "1"]
[SourceVersionDate "2018.10.10"]
[SourceQuality "1"]
[WhiteTeam "Rokur"]
[BlackTeam "Sandavagur"]
[WhiteTeamCountry "FAI"]
[BlackTeamCountry "FAI"]

1. e4 c5 2. Nf3 e6 3. Nc3 a6 4. Be2 Nc6 5. d3 d6 6. 0-0 b5 7. d4 cxd4 8. Nxd4 Bb7 9. Re1 Nf6 10. a3 Be7 11. Be3 Qc7 12. f4 Na5 13. Bf3 Nc4 14. Bc1 0-0 15. Qd3 Rac8 16. Nce2 Rfd8 17. Ng3 Ne5 18. Qe2 Nxf3+ 19. gxf3 Bf8 20. c3 g6 21. Be3 Nd7 22. Rac1 Bg7 23. Kg2 e5 24. Nc2 d5 25. fxe5 Nxe5 26. Bf4 dxe4 27. fxe4 f5 28. Rcd1 Re8 29. Nb4 fxe4 30. Nd5 Qf7 31. Bxe5 Bxe5 32. Ne3 Qf3+ 33. Qxf3 exf3+ 34. Kf2 Rcd8 35. Nc2 Bxg3+ 36. Kxg3 Rxd1 37. Rxe8+ Kf7 38. Rb8 Rg1+ 39. Kh3 Bd5 40. Ne3 f2 0-1